All Generation 2 Pokemon Moves - Statistics

General Stats
  • This quiz has been taken 104 times
  • The average score is 37 of 86
Answer Stats
Type Move % Correct
dark crunch
81%
ghost shadow ball
76%
rock rollout
74%
fire sunny day
69%
steel iron tail
67%
fire flame wheel
64%
steel metal claw
64%
water rain dance
64%
water whirlpool
64%
dragon dragon breath
62%
bug fury cutter
62%
steel steel wing
62%
rock sandstorm
60%
dragon twister
60%
flying aeroblast
57%
fire sacred fire
57%
fairy charm
55%
ice icy wind
55%
normal protect
55%
fighting triple kick
55%
ground magnitude
52%
normal milk drink
52%
ground mud-slap
52%
dragon outrage
52%
electric spark
52%
ghost curse
50%
fighting dynamic punch
50%
ice powder snow
50%
rock ancient power
48%
normal attract
48%
ghost destiny bond
48%
normal hidden power
48%
fighting rock smash
48%
normal snore
48%
grass synthesis
48%
dark thief
48%
electric zap cannon
48%
dark beat up
45%
fighting cross chop
45%
normal frustration
45%
bug mega horn
45%
dark pursuit
45%
normal return
45%
poison sludge bomb
45%
fighting detect
43%
grass giga drain
43%
psychic mirror coat
43%
fairy moonlight
43%
ground spikes
43%
fairy sweet kiss
43%
psychic future sight
40%
fighting mach punch
40%
normal sleep talk
40%
normal lock-on
38%
bug spider web
38%
normal conversion 2
36%
normal morning sun
36%
normal present
36%
normal sketch
36%
ghost spite
36%
normal extreme speed
33%
dark feint attack
33%
normal perish song
33%
normal sweet scent
31%
ghost nightmare
29%
grass cotton spore
26%
normal foresight
26%
normal heal bell
26%
normal mean look
26%
water octazooka
26%
ground bone rush
24%
normal endure
24%
normal rapid spin
24%
fighting reversal
24%
normal scary face
24%
normal baton pass
21%
normal flail
21%
normal safeguard
21%
normal swagger
21%
normal belly drum
19%
normal encore
19%
normal psych up
19%
fighting vital throw
19%
normal false swipe
14%
normal pain split
14%
normal mind reader
12%
No matching quizzes found
Score Distribution
Percent of People with Each Score
Percentile by Number Answered
Your Score History
You have not taken this quiz